Autumn at Andy's the Andy Warhol, Museum Carnegie Museums of Pittsburgh, Fall 1996

Bibliographic Details
Format: Book
Language:English
PhysicalDescription:1 zložený list fotografie 14 x 21 cm
Published: Pittsburgh The Andy Warhol Museum 1996
Subjects:

MARC

LEADER 00000nam a2200000 4500
001 vtls012058340
003 SK-MaSNL
005 20260301220017.0
008 210610s1996 xxuo g 000 0 eng
015 |a SNBZSE2021 
020 |q (zložený list) 
040 |a SNK  |b slo  |c SNK  |e rda 
041 0 |a eng 
043 |a n-us-pa 
044 |a xxu  |c US 
072 7 |a 72/76  |x Výtvarné umenie  |2 konspekt 
080 |a (041)  |2 2011 
080 |a 72/76:069  |2 2011 
080 |a (734.8)  |2 2011 
080 |a 72/76:069.9  |2 2011 
080 |a 791.2  |2 2011 
080 |a 394.1/.7  |2 2011 
080 |a (083.97)  |2 2011 
245 0 0 |a Autumn at Andy's  |b the Andy Warhol, Museum Carnegie Museums of Pittsburgh, Fall 1996 
264 1 |a Pittsburgh  |b The Andy Warhol Museum  |c 1996 
300 |a 1 zložený list  |b fotografie  |c 14 x 21 cm 
336 |a text  |b txt  |2 rdacontent 
336 |a statický obraz  |b sti  |2 rdacontent 
337 |a bez média  |b n  |2 rdamedia 
338 |a zväzok  |b nc  |2 rdacarrier 
610 2 7 |a Andy Warhol Museum (Pittsburgh, Pa.)  |2 SNKKA  |9 59686 
650 0 7 |a múzeá umenia  |2 SNKPH  |9 4118 
650 0 7 |a umelecké výstavy  |2 SNKPH  |9 89689 
650 0 7 |a filmy  |2 SNKPH  |9 3250 
650 0 7 |a kultúrne podujatia  |2 SNKPH  |9 71676 
650 0 7 |a Art museums  |2 SNKPHeng  |9 265390 
650 0 7 |a Art exhibitions  |2 SNKPHeng  |9 275444 
650 0 7 |a Films  |2 SNKPHeng  |9 267038 
650 0 7 |a Cultural events  |2 SNKPHeng  |9 327388 
651 7 |a Pittsburgh (Pa.)  |2 SNKPH  |9 163032 
651 7 |a Pittsburgh (Pa.)  |2 SNKPHeng  |9 163032 
655 7 |a letáky  |2 SNKPH  |9 70537 
655 7 |a programy  |2 SNKPH  |9 70598 
655 7 |a Pamphlets  |2 SNKPHeng  |9 326431 
655 7 |a Programs  |2 SNKPHeng  |9 330885 
958 |a ZS 
999 |c 930294  |d 932224 
952 |a SNK  |b SNK  |y PREZ  |7 0  |p 17A1447936  |o snkLSA 1181  |i snk2021/6719  |8 1  |z 1 plagát  |0 0  |1 0  |4 0  |d 2021-06-10  |l 0  |r 2026-02-24 08:46:11  |w 2026-02-24